Zvarové napätia a ich vplyv na tvarovú pevnosť dnových plechov riečnych lodí /

Salvato in:
Dettagli Bibliografici
Autore principale: Iždinský, Oskár (Autore)
Natura: Manoscritto Libro
Pubblicazione: Bratislava : Výskumný ústav zváračský, 1962
Tags: Aggiungi Tag
Nessun Tag, puoi essere il primo ad aggiungerne!!

MARC

LEADER 00000ntm a22000003a 4500
001 stu47337
005 20150617225712.3
008 ------s1962----cs----------------------d
040 |a STU  |b slo 
041 0
044 |a cs 
080 |a 629.12.002.3 
080 |a 621.7.011  |7 stu_us_auth*stu2196 
100 1 |a Iždinský, Oskár  |4 aut 
245 1 |a Zvarové napätia a ich vplyv na tvarovú pevnosť dnových plechov riečnych lodí /  |c [aut.] Iždinský,Oskár 
260 |a Bratislava :  |b Výskumný ústav zváračský,  |c 1962 
300 |a 111 s 
996 |b 284J002697  |c J*10368/DIZ.  |l JJSK  |s A  |a 24  |w stu47337_0001